000 00456nam a22001817a 4500
005 20200520114140.0
008 200520b xxu||||| |||| 00| 0 eng d
020 _a8174732544
041 _aeng
082 _a616.9 VAN
100 _aVandepitte J
_95581
110 _aWHO
_95582
245 _aBasic Laboratory Procedures in clinical Bictechnology
260 _aDelhi
_bAITBS PUBLISHERS
300 _a167, vii
650 _aPharmacy
_95583
942 _cBK
999 _c6313
_d6311